Investment valuation: tools and techniques for determining the value of any asset (Record no. 102708)

MARC details
000 -LEADER
fixed length control field 01029cam a2200277 4500
008 - FIXED-LENGTH DATA ELEMENTS--GENERAL INFORMATION
fixed length control field 030319n2002 000 0 eng u
020 ## - INTERNATIONAL STANDARD BOOK NUMBER
International Standard Book Number 0471414905
035 ## - SYSTEM CONTROL NUMBER
System control number (Sirsi) u121682
041 ## - LANGUAGE CODE
Language code of text/sound track or separate title eng.
050 ## - LIBRARY OF CONGRESS CALL NUMBER
Classification number 332.67
-- 18
100 ## - MAIN ENTRY--PERSONAL NAME
Personal name Damodaran, Aswarth
245 ## - TITLE STATEMENT
Title Investment valuation: tools and techniques for determining the value of any asset
250 ## - EDITION STATEMENT
Edition statement 2nd ed.
260 ## - PUBLICATION, DISTRIBUTION, ETC.
Place of publication, distribution, etc. New York
Name of publisher, distributor, etc. Wiley
Date of publication, distribution, etc. 2002
300 ## - PHYSICAL DESCRIPTION
Extent xvi, 992p.
Dimensions 26cm.
350 ## - PRICE (NR) (BK AM CF MU VM SE) [OBSOLETE]
Price 44.95
520 ## - SUMMARY, ETC.
Summary, etc. An American text which offers instruction on how to value virtually any type of asset - including real estate, stocks, bonds, options, futures and more. Looks at the theory and application of various valuation models and highlights their strengths and weaknesses.
650 ## - SUBJECT ADDED ENTRY--TOPICAL TERM
Topical term or geographic name entry element VALUATION METHODS
650 ## - SUBJECT ADDED ENTRY--TOPICAL TERM
Topical term or geographic name entry element INVESTMENT VALUATION
650 ## - SUBJECT ADDED ENTRY--TOPICAL TERM
Topical term or geographic name entry element ASSET VALUATION
650 ## - SUBJECT ADDED ENTRY--TOPICAL TERM
Topical term or geographic name entry element VALUATION MODELS
650 ## - SUBJECT ADDED ENTRY--TOPICAL TERM
Topical term or geographic name entry element BOND VALUATION
650 ## - SUBJECT ADDED ENTRY--TOPICAL TERM
Topical term or geographic name entry element REAL ESTATE VALUATION
690 ## - LOCAL SUBJECT ADDED ENTRY--TOPICAL TERM (OCLC, RLIN)
Topical term or geographic name as entry element PROPERTY-PROPERTY APPRAISAL AND VALUATION
942 ## - ADDED ENTRY ELEMENTS (KOHA)
Suppress in OPAC 0
Holdings
Withdrawn status Lost status Source of classification or shelving scheme Damaged status Not for loan Home library Current library Shelving location Date acquired Cost, normal purchase price Total Checkouts Full call number Barcode Date last seen Date last checked out Copy number Cost, replacement price Price effective from Koha item type
    Dewey Decimal Classification     London London Books 30/04/2003 31.47 32 332.67 DAM 30068560 06/08/2019 12/02/2010 1 31.47 06/08/2019 Book